Novelas ejemplares / (Record no. 43235)

MARC details
000 -LEADER
campo de control de longitud fija 00987nam a2200229 i 4500
001 - NÚMERO DE CONTROL
campo de control 43235
003 - IDENTIFICADOR DE NÚMERO DE CONTROL
campo de control ES-MaACL
005 - FECHA Y HORA DE LA ÚLTIMA TRANSACCIÓN
campo de control 20240224062531.0
007 - CAMPO FIJO DE DESCRIPCIÓN FÍSICA--INFORMACIÓN GENERAL
campo de control de longitud fija t|
008 - DATOS DE LONGITUD FIJA--INFORMACIÓN GENERAL
campo de control de longitud fija 030317s1916 sp |||| | spa d
100 1# - ENTRADA PRINCIPAL--NOMBRE DE PERSONA
Nombre de persona Cervantes Saavedra, Miguel de,
Fechas asociadas al nombre 1547-1616
9 (RLIN) 226514
240 00 - TÍTULO UNIFORME
Título uniforme Novelas ejemplares
245 10 - MENCIÓN DEL TÍTULO
Título Novelas ejemplares /
Mención de responsabilidad, etc. de Miguel de Cervantes Saavedra ; edición de la Real Academia Hispano Americana de Cádiz ; prólogo de Blanca de los Ríos.
260 ## - PUBLICACIÓN, DISTRIBUCIÓN, ETC.
Lugar de publicación, distribución, etc. Cádiz :
Nombre del editor, distribuidor, etc. Real Academia Hispanoamericana de Cádiz,
Fecha de publicación, distribución, etc. 1916 (
Fabricante Imp. de Manuel Álvarez)
300 ## - DESCRIPCIÓN FÍSICA
Extensión XXI p., 5 h. (facsímiles de firmas), 448 p ;
Dimensiones 23 cm.
500 ## - NOTA GENERAL
Nota general Port. filda., con el último ret. de Cervantes, tit. a 2 tintas, exº de la Academia al fin en rojo.
700 1# - ENTRADA AGREGADA--NOMBRE PERSONAL
Nombre de persona Ríos, Blanca de los,
Fechas asociadas al nombre 1859-1956
9 (RLIN) 97357
710 2# - ENTRADA AGREGADA--NOMBRE DE ENTIDAD CORPORATIVA
Nombre de entidad corporativa o nombre de jurisdicción como elemento de entrada Real Academia Hispanoamericana (Cádiz)
9 (RLIN) 6343
852 ## - LOCALIZACIÓN
Ubicación ES-MaACL
Número de control de estantería B-1620
Encuadernación Ejemplar n. 93, de una tirada de 300
942 ## - ELEMENTOS DE ENTRADA SECUNDARIOS (KOHA)
Fuente del sistema de clasificación o colocación Clasificación decimal universal
Holdings
Estatus retirado Estado de pérdida Estado de daño No para préstamo Biblioteca de origen Biblioteca actual Ubicación en estantería Fecha de adquisición Fuente de adquisición Total de préstamos Signatura topográfica completa Código de barras Visto por última vez Precio de reemplazo Tipo de ítem Koha
        Biblioteca del Ateneo de Madrid Biblioteca del Ateneo de Madrid Sala Pardo Bazán 17/01/2008     B-1620 1045511 23/02/2023 23/02/2023 Libro impreso